000 01547 am a2200313 a 4500
001 60640
003 BD-RjUL
005 20211209080851.0
008 170102s1993 bg b s f000 0 eng d
020 _a9845080804
_c: Complementary
020 _a9845080804
_c: Tk. 400.00 (Inland)
035 _a(BD-RjUL)60764
040 _aDLC
_cDLC
_dDLC
_dBD-RjUL
_beng
041 0 _aengben
082 _223
_a304.6095492021
_bNAR 1993 (ZS)
110 _aBangladesh Bureau Of Statistics.
_9179266
245 1 0 _aBangladesh population census, 1991 = বাংলাদেশ আদমশুমারী, ১৯৯১ :
_bZilla series, Zila: Narayanganj = জেলা সিরিজ, জেলা: নারায়নগঞ্জ /
_cBangladesh Bureau Of Statistics.
246 _aবাংলাদেশ আদমশুমারী, ১৯৯১ :
_bজেলা সিরিজ, জেলা: নারায়নগঞ্জ
260 _aDhaka :
_bBangladesh Bureau of Statistics,
_c1993
300 _axviii, 264 p. :
_bIll. ;
_c28 cm.
490 _aZilla series, Zila: Narayanganj
490 _aজেলা সিরিজ, জেলা: নারায়নগঞ্জ
500 _aPrefatory matter in Bengali and English.
651 _aBangladesh
_zNarayanganj
_vCensus, 1991
_9180298
651 _aBangladesh
_zNarayanganj
_xPopulation
_vStatistics
_9180299
_y1991
830 _aZilla series, Zila: Narayanganj
_9190414
830 _aজেলা সিরিজ, জেলা: নারায়নগঞ্জ
_9190415
942 _2ddc
_cRAR
999 _c60640
_d60640